| 000 | 02580nam0a2200421 4500 | ||
|---|---|---|---|
| 001 | RU\NLR\BIBL_A\022225210 | ||
| 005 | 20260420005945.0 | ||
| 010 |
_a978-5-600-03947-6 _9700 |
||
| 021 |
_aRU _bКН-П-24-020726 _9КН-П-24-2168 |
||
| 035 | _a(NLR Aleph) 022225210 | ||
| 090 |
_a13659031 _c13659031 |
||
| 100 | _a20240517d2023 k y0rusy50 ca | ||
| 101 | 0 | _arus | |
| 102 | _aRU | ||
| 105 | _aacbhz 000yd | ||
| 181 | 0 |
_ai3 _baxxe |
|
| 181 | 0 |
_ab2 _bxb2e |
|
| 182 | 0 | _an | |
| 200 | 1 |
_aВаш подвиг в сердце мы храним... _eистория и историческая память о подвигах 110-й Калмыцкой кавалерийской дивизии периода Великой Отечественной войны _fУ. Б. Очиров, С. А. Заярный, Л. П. Бадышева _gБлаготворительный фонд по сохранения историко-культурного наследия "Наше Наследие" [и др.] |
|
| 203 |
_aТекст _aИзображение _bвизуальные _cнепосредственные |
||
| 210 |
_aЭлиста _cКалмНЦ РАН _d2023 |
||
| 215 |
_a319 с. _cил., цв. ил., портр., факс., карты _d30 |
||
| 300 | _aНа 4-й с. обл. авт.: У. Б. Очиров, д-р ист. наук, Заслуж. деят. науки Респ. Калмыкия, С. А. Заярный, воен. историк, Л. П. Бадышева, Заслуж. работник культуры Респ. Калмыкия | ||
| 300 | _aДоп. информ. в ссылках QR-кодов кн. | ||
| 320 | _aБиблиогр.: с. 316-318 | ||
| 601 | 0 | 2 |
_aОтдельная Калмыцкая кавалерийская дивизия _c110 _92529457 _3RU\NLR\AUTH\661498332 |
| 606 | 1 |
_aВеликая Отечественная война _xГерои и героизм _yКалмыцкая АССР _z1941 - 1945 _92397100 _3RU\NLR\AUTH\661429152 |
|
| 686 | 1 | _aЦ35(2)722-59-21д | |
| 686 | 1 | _aЦ35(2)722-424д(2Р-6Ка) | |
| 700 | 1 |
_aОчиров _bУ. Б. _f1973- _gУташ Борисович |
|
| 701 | 1 |
_aЗаярный _bС. А. _f1949- _gСергей Альбертович |
|
| 701 | 1 |
_aБадышева _bЛ. П. _f1967- _gЛариса Петровна |
|
| 712 | 0 | 2 |
_4570 _aОтдельная калмыцкая кавалерийская дивизия _c110 _9470871 _3RU\NLR\AUTH\889987629 |
| 942 | _cBOOK | ||
| 980 | _aNB | ||